Statistics for Top 5 cities by Population - North America #3

Click here to take the quiz!

General Stats

  • This quiz has been taken 13 times
  • The average score is 7 of 15

Answer Stats

HintAnswer% Correct
NicaraguaManagua
100%
Costa RicaSan Jose
100%
HondurasTegucigalpa
100%
NicaraguaLeon
60%
HondurasCholoma
40%
HondurasEl Progreso
40%
NicaraguaEsteli
40%
Costa RicaLiberia
40%
Costa RicaLimon
40%
NicaraguaMasaya
40%
HondurasSan Pedro Sula
40%
Costa RicaAlajuela
20%
NicaraguaGranada
20%
HondurasLa Ceiba
20%
Costa RicaSan Francisco
0%

Score Distribution

Percentile by Number Answered

Percent of People with Each Score

Your Score History

You have not taken this quiz